Coupe du Monde Basket 2023 - Statistiques

Statistiques générales
  • Ce quiz a été pris 373 fois
  • Le résultat moyen est 20 sur 32
Statistiques - réponses
Réponse % Correct
France
100%
Etats-Unis
99%
Canada
96%
Espagne
95%
Allemagne
92%
Brésil
87%
Italie
86%
Japon
86%
Chine
84%
Australie
83%
Serbie
83%
Slovénie
79%
Lituanie
78%
Grèce
76%
Lettonie
75%
Mexique
68%
Nouvelle-Zélande
61%
Finlande
50%
Egypte
49%
Iran
46%
Monténégro
43%
Philippines
43%
Côte d'Ivoire
36%
Liban
36%
République Dominicaine
35%
Venezuela
35%
Soudan du Sud
33%
Porto Rico
32%
Angola
31%
Jordanie
28%
Géorgie
27%
Cap-Vert
21%
Aucun quiz correspondant
Distribution des résultats
% des personnes avec chaque résultat
Percentile par nombre de réponses
Votre historique - résultats
Vous n’avez pas pris ce quiz